000 00346 a2200157 4500
001 18259
020 _a9788589059763
040 _cAnchieta - Bela Vista
100 _aGuerreiro, Nathalie
240 1 0 _aO gosto do morango
_lpor
245 1 0 _aO gosto do morango
300 _a32
362 0 _a2016
650 4 _aLiteratura juvenil
942 _cBK
999 _c18259
_d18259